000
00289 a2200097 4500
020
_a
9780190124762
100
_a
Kalpana Kannabiran, ed.
245
_a
Law, Justice, Society: selected works of Upendra Baxi - Law and society Volume 3
260
_b
Oxford University Press
_c
2026
942
_c
OO
999
_c
116176
_d
116175